00126 a2200073 45000010005000001000018000052450012000232600017000358009 aRiesenberg, F aSea war abRinchartc